Brassens - Le temps ne fait rien à l'affaire - Statistiques

Statistiques générales
  • Ce quiz a été pris 111 fois
    109 depuis la dernière actualisation
  • Le résultat moyen est 183 sur 224
Statistiques - réponses
Parole % Correct
est
100%
ne
100%
Quand
100%
à
98%
con
98%
de
98%
fait
98%
la
98%
l'affaire
98%
Le
98%
le
98%
on
98%
rien
98%
temps
98%
des
93%
Des
93%
vieux
92%
Vieux
92%
cons
90%
Cons
90%
dernière
90%
Qu'on
88%
qu'on
88%
soit
88%
averse
87%
d'antan
87%
neiges
87%
Je
85%
un
85%
grand-père
82%
Petits
82%
jeunes
80%
les
80%
Les
80%
Pour
80%
pour
80%
qui
80%
Qui
80%
ou
78%
vous
77%
Vous
77%
entre
75%
Entre
75%
Tous
75%
tous
75%
Du
72%
plus
72%
ans
70%
débutants
70%
message
70%
Prennent
70%
âges
68%
âgés
68%
ait
68%
deux
68%
Moi
68%
sont
68%
vingt
68%
balance
67%
controverse
67%
ils
67%
tout
67%
leur
65%
pas
62%
adresse
60%
jeunots
60%
Qu'ils
60%
sortent
60%
cocon
58%
l'oeuf
58%
caducs
55%
mecs
55%
usagés
55%
neufs
52%
têtes
52%
blancs-becs
50%
chenues
50%
innocents
50%
papas
50%
grisons
48%
D'un
47%
Prenez
47%
niez
45%
devenus
43%
l'impartial
42%
bleus
40%
naissants
40%
confessez
37%
fourneaux
35%
Ptits
32%
Méditez
30%
Aucun quiz correspondant
Distribution des résultats
% des personnes avec chaque résultat
Percentile par nombre de réponses
Votre historique - résultats
Vous n’avez pas pris ce quiz depuis la dernière actualisation